| 000 | 00442nam a22001337a 4500 | ||
|---|---|---|---|
| 999 |
_c15227 _d15227 |
||
| 008 | 200306b ||||| |||| 00| 0 eng d | ||
| 100 |
_942014 _aSuson, Divina M. |
||
| 245 |
_aAFP: Maute's Abu Dar is dead/ _cDivina M. Suson and Jeannette I. Andrade. |
||
| 260 |
_aPhilippines; _bPhilippine Daily Inquirer, _c©2019. |
||
| 300 |
_apage A13; _c29.5cm. |
||
| 650 |
_aTerrorism. _942016 |
||
| 700 |
_942015 _aAndrade, Jeannette I. |
||
| 942 |
_2ddc _cPER |
||